000 00562nam a22001937a 4500
005 20251108172056.0
008 250721s1993 xx 000 0 ara d
082 1 4 _a928/هسه
100 1 _aهسه، هرمان
245 1 0 _aسيرة ذاتية /
264 1 _aبيروت :
_bالمؤسسة العربية للدراسات و النشر،
_c1993.
300 _a376ص
650 1 7 _aالتراجم
650 1 7 _aالأدباء
650 1 7 _aألمانيا
700 1 _aعبد القادر، محاسن
_eترجمة
942 _2ddc
_cBK
999 _c69845
_d69845